<?xml version="1.0" encoding="UTF-8"?>
<record
    xmlns:xsi="http://www.w3.org/2001/XMLSchema-instance"
    xsi:schemaLocation="http://www.loc.gov/MARC21/slim http://www.loc.gov/standards/marcxml/schema/MARC21slim.xsd"
    xmlns="http://www.loc.gov/MARC21/slim">

  <leader>00737nam a22001817a 4500</leader>
  <controlfield tag="005">20250826154452.0</controlfield>
  <datafield tag="010" ind1=" " ind2=" ">
    <subfield code="a">HIN-130290</subfield>
  </datafield>
  <datafield tag="020" ind1=" " ind2=" ">
    <subfield code="a">9788193568392</subfield>
    <subfield code="c">400.00</subfield>
  </datafield>
  <datafield tag="035" ind1=" " ind2=" ">
    <subfield code="a">HN-102636</subfield>
  </datafield>
  <datafield tag="037" ind1=" " ind2=" ">
    <subfield code="b">DBAD </subfield>
  </datafield>
  <datafield tag="082" ind1=" " ind2=" ">
    <subfield code="a">921</subfield>
  </datafield>
  <datafield tag="100" ind1=" " ind2=" ">
    <subfield code="a">&#x92A;&#x93E;&#x923;&#x94D;&#x921;&#x947;&#x92F;, &#x905;&#x936;&#x94B;&#x915; </subfield>
    <subfield code="9">84355</subfield>
  </datafield>
  <datafield tag="245" ind1=" " ind2=" ">
    <subfield code="a">&#x90F;&#x915; &#x917;&#x941;&#x92E;&#x928;&#x93E;&#x92E; &#x92F;&#x94B;&#x926;&#x94D;&#x927;&#x93E; /</subfield>
    <subfield code="c">&#x905;&#x936;&#x94B;&#x915; &#x92A;&#x93E;&#x923;&#x94D;&#x921;&#x947;&#x92F; '&#x905;&#x928;&#x939;&#x926;'</subfield>
  </datafield>
  <datafield tag="260" ind1=" " ind2=" ">
    <subfield code="a">&#x932;&#x916;&#x928;&#x90A;</subfield>
    <subfield code="b">&#x92A;&#x94D;&#x930;&#x93E;&#x902;&#x91C;&#x932; &#x92A;&#x92C;&#x94D;&#x932;&#x93F;&#x915;&#x947;&#x936;&#x928;&#x94D;&#x938;</subfield>
    <subfield code="c">2021</subfield>
  </datafield>
  <datafield tag="270" ind1=" " ind2=" ">
    <subfield code="b">&#x932;&#x916;&#x928;&#x90A;</subfield>
    <subfield code="e">226022</subfield>
    <subfield code="a">&#x938;&#x940;-33, &#x936;&#x93F;&#x935;&#x93E;&#x928;&#x940; &#x935;&#x93F;&#x939;&#x93E;&#x930;, &#x915;&#x932;&#x94D;&#x92F;&#x93E;&#x923;&#x92A;&#x941;&#x930;,</subfield>
  </datafield>
  <datafield tag="300" ind1=" " ind2=" ">
    <subfield code="a">272 &#x92A;&#x943;.</subfield>
    <subfield code="c">23&#x938;&#x947;&#x92E;&#x940; (&#x905;&#x91C;&#x93F;&#x932;&#x94D;&#x926;)</subfield>
  </datafield>
  <datafield tag="942" ind1=" " ind2=" ">
    <subfield code="c">HN</subfield>
    <subfield code="2">ddc</subfield>
    <subfield code="h">921</subfield>
    <subfield code="m">&#x92A;&#x93E;&#x923;&#x94D;&#x921;&#x947;&#x92F;</subfield>
  </datafield>
  <datafield tag="999" ind1=" " ind2=" ">
    <subfield code="c">213165</subfield>
    <subfield code="d">213165</subfield>
  </datafield>
</record>
